000 00290nam a2200109Ia 4500
008 160531s9999 xx 000 0 und d
100 _aReber, Franz von.
245 _aHistory of ancient art
245 _cFranz von Reber
260 _c2016
856 _uhttp://www.gutenberg.org/ebooks/42082
999 _c295018
_d295018